000 00662nam a2200253Ia 4500
003 OSt
005 20220927110350.0
006 a|||||r|||| 00| 0
007 ta
008 220926b |||||||| |||| 00| 0 eng d
024 _a61348
037 _cReports
040 _aRTL
_cRTL
_beng
041 _2eng
_aeng
082 _a"X4.2r, J2/GD"
110 _a"India, Transport (M/O)"
_9376737
245 0 _aReport.
260 _aNew
_bDelhi MOP India
_c1956
490 _v1949-50
650 _aTransport Economics -- India
_9376738
700 _a"India, Transport (M/O)"
_9376739
942 _h"X4.2r, J2/GD"
_cCC
999 _c695842
_d695842